000 00897nam a22001697a 4500
008 170609b xxu||||| |||| 00| 0 eng d
020 _a9781444163247
050 _aR726.8.M67
100 _aMorris Caroline
245 _aEnd of life care : a Care worker handbook. / Carola.-
_cCaroline Morris and Fiona Collier
260 _aLondon:
_bHodder Education,
_c2012.
300 _aix, 226p.:
_bill.;
_c27 cm
500 _aIncludes index.
505 _aContents: Understand how to provide support when working in end of life care -- Managing symptoms in end of life care -- Understand advance care planning -- Support the spiritual well-being of individuals -- Supporting individuals with loss and grief before death -- Support individuals during last days of life -- Support individuals with specific communication needs -- Care of a deceased person.
700 _aCollier, Fiona
942 _2lcc
_cBK
999 _c6377
_d13877